BRIDEY'S MOUNTAIN (Record no. 213479)

MARC details
000 -LEADER
fixed length control field 00405nam a22001577a 4500
008 - FIXED-LENGTH DATA ELEMENTS--GENERAL INFORMATION
fixed length control field 241028b |||||||| |||| 00| 0 eng d
020 ## - INTERNATIONAL STANDARD BOOK NUMBER
International Standard Book Number 0385308507
050 ## - LIBRARY OF CONGRESS CALL NUMBER
Classification number PS3511.D3956B75 1993
100 ## - MAIN ENTRY--PERSONAL NAME
Personal name ADAMSON YVONNE
245 ## - TITLE STATEMENT
Title BRIDEY'S MOUNTAIN
260 ## - PUBLICATION, DISTRIBUTION, ETC.
Place of publication, distribution, etc. NEWYORK
Name of publisher, distributor, etc. DELACORTE PRESS
Date of publication, distribution, etc. 1993
300 ## - PHYSICAL DESCRIPTION
Extent X,613
650 ## - SUBJECT ADDED ENTRY
Topical term or geographic name entry element Telluride (Colo.)--Fiction.
942 ## - ADDED ENTRY ELEMENTS (KOHA)
Source of classification or shelving scheme Library of Congress Classification
Koha item type Long Loan Book
Holdings
Withdrawn status Lost status Source of classification or shelving scheme Damaged status Not for loan Collection Home library Current library Shelving location Date acquired Inventory number Total checkouts Full call number Barcode Date last seen Copy number Price effective from Koha item type
    Library of Congress Classification     Fiction & Motivational Kisii University Library Kisii University Library On Display 10/28/2024 35515   PS3511.D3956B75 1993 000000015296 10/28/2024 C.1 10/28/2024 Long Loan Book